000 00445cam a2200157I 4500
040 _cFQG
082 0 _a584 ELS 1964 C150 Or.
245 1 0 _aRice genetics and cytogenetics ;
_bproceedings /
260 _aAmsterdam ;
_aNew York :
_bElsevier Pub. Co.,
_c1964
300 _axv, 274 p. :
_billus., group port. ;
_c25 cm
650 0 _aRice
650 0 _aAgricultural innovations
650 0 _aAgricultural ecology
650 2 _aOryza
942 _cAEDBB
999 _c18665
_d18665